|
|
|
|
| LEADER |
00000cam a22000002c 4500 |
| 001 |
196425387 |
| 003 |
DE-627 |
| 005 |
20250221152505.0 |
| 007 |
tu |
| 008 |
960424s1951 xxu||||| 00| ||eng c |
| 035 |
|
|
|a (DE-627)196425387
|
| 035 |
|
|
|a (DE-599)GBV196425387
|
| 035 |
|
|
|a (OCoLC)258148321
|
| 040 |
|
|
|a DE-627
|b ger
|c DE-627
|e rakwb
|
| 041 |
|
|
|a eng
|
| 044 |
|
|
|c XD-US
|
| 084 |
|
|
|a 2,1
|2 ssgn
|
| 100 |
1 |
|
|8 1\p
|a Teeters, Negley K.
|d 1896-1971
|0 (DE-588)132217198
|0 (DE-627)690430825
|0 (DE-576)16327827X
|4 aut
|
| 109 |
|
|
|a Teeters, Negley K. 1896-1971
|a Teeters, Negley King 1896-1971
|a King Teeters, Negley 1896-1971
|
| 245 |
1 |
4 |
|a The challenge of delinquency. Causation, treatment, and prevention of juvenile delinquency
|c By Negley K. Teeters, John Otto Reinemann
|
| 250 |
|
|
|a 2. print
|
| 264 |
|
1 |
|a New York
|b Prentice-Hall
|c 1951
|
| 300 |
|
|
|a 11, 819 S
|
| 336 |
|
|
|a Text
|b txt
|2 rdacontent
|
| 337 |
|
|
|a ohne Hilfsmittel zu benutzen
|b n
|2 rdamedia
|
| 338 |
|
|
|a Band
|b nc
|2 rdacarrier
|
| 490 |
0 |
|
|a Prentice-Hall sociology series
|
| 700 |
1 |
|
|8 2\p
|a Reinemann, John Otto
|d 1902-1976
|0 (DE-588)118599348
|0 (DE-627)694816183
|0 (DE-576)209081295
|4 aut
|
| 787 |
0 |
8 |
|i Rezensiert in
|a Spencer, John
|t [Rezension von: Teeters, Negley K., 1896-1971, The challenge of delinquency. Causation, treatment, and prevention of juvenile delinquency]
|d 1951
|w (DE-627)191784154X
|
| 883 |
|
|
|8 1\p
|a cgwrk
|d 20241001
|q DE-101
|u https://d-nb.info/provenance/plan#cgwrk
|
| 883 |
|
|
|8 2\p
|a cgwrk
|d 20241001
|q DE-101
|u https://d-nb.info/provenance/plan#cgwrk
|
| 951 |
|
|
|a BO
|
| ELC |
|
|
|b 1
|
| ORI |
|
|
|a SA-MARC-krimdok_oa001.raw
|